000 00754cam a22002294a 4500
001 13134587
005 20250322110808.0
008 030324s2004 njua b 001 0 eng
020 _a0130494852 (casebound)
020 _a9780130494856
050 0 0 _aLB1731.75
_b.B35 2004
082 0 0 _a371.4
_221
100 1 _aBaker, Stanley B.,
_d1935-
245 1 0 _aSchool counseling for the twenty-first century /
_cStanley B. Baker, Edwin R. Gerler, Jr.
250 _a4th ed.
260 _aUpper Saddle River, N.J. :
_bMerrill,
_cc2004.
300 _axix, 444 p. :
_bill. ;
_c25 cm.
650 0 _aStudent counselors
_xTraining of
_zUnited States.
650 0 _aEducational counseling
_zUnited States.
700 1 _aGerler, Edwin R.
942 _2lcc
_cBK
_e4th Ed.
_n0
999 _c5074
_d5074